[Event "GER-chB Seniors 28th"]
[Site "Niederhausen"]
[Date "2016.08.16"]
[Round "4"]
[White "Mittelmayer, Vladimir"]
[Black "Fassmann, Kurt"]
[Result "0-1"]
[WhiteElo "1284"]
[BlackElo "1986"]
[PlyCount "52"]
[EventDate "2016.08.13"]
[EventType "swiss"]
[EventRounds "9"]
[EventCountry "GER"]
[SourceTitle "EXT 2019"]
[Source "ChessBase"]
[SourceDate "2018.10.10"]
[SourceVersion "1"]
[SourceVersionDate "2018.10.10"]
[SourceQuality "1"]

1. e4 c5 2. Nf3 a6 3. d4 cxd4 4. Nxd4 Nf6 5. Nc3 e5 6. Nf3 Bb4 7. Bd3 d5 8. exd5 0-0 9. 0-0 Bxc3 10. bxc3 e4 11. Ng5 exd3 12. Qxd3 Qxd5 13. Qg3 Nc6 14. Re1 Bf5 15. Ba3 Rfe8 16. Qc7 Qd7 17. Qf4 Rxe1+ 18. Rxe1 Bxc2 19. h3 h6 20. Nf3 Re8 21. Rxe8+ Qxe8 22. Bb2 Qe6 23. Qc7 Qd7 24. Qf4 b5 25. c4 Ne8 26. Qg3 bxc4 0-1